Pellegrini del Medio Evo : (Record n. 108575)

Dettagli MARC
000 -LEADER
fixed length control field 00936nam a2200301 i 4500
001 - CONTROL NUMBER
control field 000000075502
003 - CONTROL NUMBER IDENTIFIER
control field IT-RoPUS
005 - DATE AND TIME OF LATEST TRANSACTION
control field 20220918181311.0
008 - FIXED-LENGTH DATA ELEMENTS--GENERAL INFORMATION
fixed length control field 041027s1998 xx u000 u ita c
020 ## - INTERNATIONAL STANDARD BOOK NUMBER
International Standard Book Number 8816404264
035 ## - SYSTEM CONTROL NUMBER
System control number (BNCF)cfi0377719
035 ## - SYSTEM CONTROL NUMBER
System control number (IT-RoPUS)75502
040 ## - CATALOGING SOURCE
Original cataloging agency IT-RoPUS
Language of cataloging ita
Transcribing agency IT-RoPau
082 04 - DEWEY DECIMAL CLASSIFICATION NUMBER
Classification number 248.4630902
Edition number 20
100 1# - MAIN ENTRY--PERSONAL NAME
Personal name Oursel, Raymond.
9 (RLIN) 59250
240 10 - UNIFORM TITLE
Uniform title Pèlerins du Moyen Âge.
Language of a work Italiano.
245 10 - TITLE STATEMENT
Title Pellegrini del Medio Evo :
Remainder of title gli uomini, le strade, i santuari /
Statement of responsibility, etc. Raymond Oursel.
260 ## - PUBLICATION, DISTRIBUTION, ETC. (IMPRINT)
Place of publication, distribution, etc. Milano :
Name of publisher, distributor, etc. Jaca book,
Date of publication, distribution, etc. 1979
300 ## - PHYSICAL DESCRIPTION
Extent 212 p. :
Other physical details ill. ;
Dimensions 23 cm
490 1# - SERIES STATEMENT
Series statement Di fronte e attraverso ;
Volume/sequential designation 426
490 1# - SERIES STATEMENT
Series statement Biblioteca di cultura medievale
500 ## - GENERAL NOTE
General note 1. ed.: 1979.
500 ## - GENERAL NOTE
General note Trad. di Anna Monti.
830 #0 - SERIES ADDED ENTRY--UNIFORM TITLE
Uniform title Di fronte e attraverso ;
Volume number/sequential designation 426.
9 (RLIN) 35362
830 #0 - SERIES ADDED ENTRY--UNIFORM TITLE
Uniform title Biblioteca di cultura medievale.
9 (RLIN) 35363
942 ## - ADDED ENTRY ELEMENTS (KOHA)
Institution code [OBSOLETE] BKS
Koha item type LIBRO
Dati di copia
Withdrawn status Lost status Source of classification or shelving scheme Damaged status Not for loan Home library Current library Date acquired Total Checkouts Full call number Barcode Date last seen Price effective from Koha item type
    Dewey Decimal Classification Buone Condizioni Not For Loan PAULUS-BIBLIOTECA PAULUS-BIBLIOTECA 23/07/2015   248 9788816404264 23/07/2015 23/07/2015 LIBRO
CREDITS: SOCIETA' SAN PAOLO Via A.Severo, 58 - ROMA (RM) & PERIODICI SAN PAOLO SRL Via Giotto, 36 MILANO & CISF Via Giotto, 36 MILANO & EDIZIONI SAN PAOLO SRL,  Piazza Soncino, 5 CINISELLO BALSAMO (MI) -- ITALY